000 00895nam a22002897a 4500
001 BR2010001411
003 BR-BrBNA
005 20230928103229.0
007 ta
008 230509b bl.||||| |||| 00| 0 por d
040 _aBR-BrBNA
_bpor
_cBiblioteca Nacional de Agricultura
041 _a(Por)
072 _aE16; E70
_b9320
_b8961
090 _ 9320 BR2010001411
100 1 _aMarques, P.V.(coord.)
110 1 _aEscola Superior de Agricultura Luiz de Queiroz, Piracicaba, SP (Brasil)
245 1 _aCusto de produção agrícola e industrial de açúcar e álcool no Brasil na safra 2007/2008
260 3 _aPiracicaba, SP (Brasil):
_c2009.
300 _a194 p.
500 _aBibliography p. 175-180; 59 illus.; 60 tables
650 _aAÇÚCAR
650 _aÁLCOOL
650 _aCUSTO DE PRODUÇÃO
650 _aSAFRA
909 _a202309
_bLucia
_c55
_dLucia Elande
942 _cBK
999 _c74225
_d74225